LEADER 03653nam 22006612 450 001 9910457875503321 005 20151005020623.0 010 $a1-139-88313-5 010 $a1-280-45867-4 010 $a9786610458677 010 $a0-511-19124-3 010 $a0-511-16148-4 010 $a0-511-16004-6 010 $a0-511-29852-8 010 $a0-511-75638-0 010 $a0-511-16061-5 035 $a(CKB)1000000000353200 035 $a(EBL)258490 035 $a(OCoLC)171138072 035 $a(SSID)ssj0000262163 035 $a(PQKBManifestationID)11239489 035 $a(PQKBTitleCode)TC0000262163 035 $a(PQKBWorkID)10270753 035 $a(PQKB)10776358 035 $a(UkCbUP)CR9780511756382 035 $a(MiAaPQ)EBC258490 035 $a(Au-PeEL)EBL258490 035 $a(CaPaEBR)ebr10126080 035 $a(CaONFJC)MIL45867 035 $a(OCoLC)560110080 035 $a(EXLCZ)991000000000353200 100 $a20100423d2004|||| uy| 0 101 0 $aeng 135 $aur||||||||||| 181 $ctxt$2rdacontent 182 $cc$2rdamedia 183 $acr$2rdacarrier 200 00$aTrends in commutative algebra /$fedited by Luchezar L. Avramov [and others]$b[electronic resource] 210 1$aCambridge :$cCambridge University Press,$d2004. 215 $a1 online resource (x, 254 pages) $cdigital, PDF file(s) 225 1 $aMathematical Sciences Research Institute publications ;$v51 300 $aTitle from publisher's bibliographic system (viewed on 05 Oct 2015). 311 $a0-521-16872-4 311 $a0-521-83195-4 320 $aIncludes bibliographical references. 327 $aCommutative Algebra in the Cohomology of Groups / Dave Benson --- Modules and Cohomology over Group Algebras / Srikanth Iyengar --- An Informal Introduction to Multiplier Ideals / Manuel Blickle and Robert Lazarsfeld --- Lectures on the Geometry of Syzygies / David Eisenbud, with a Jessica Sidman --- Commutative Algebra of n Points in the Plane / Mark Haiman, with an appendix by Ezra Miller --- Tight Closure Theory and Characteristic-p Methods / Melvin Hochster, with an appendix by Graham J. Leuschke --- Monomial Ideals, Binomial Ideals, Polynomial Ideals / Bernard Teissier --- Canonical Subalgebra Bases / Ana Bravo. 330 $aIn 2002, an introductory workshop was held at the Mathematical Sciences Research Institute in Berkeley to survey some of the many directions of the commutative algebra field. Six principal speakers each gave three lectures, accompanied by a help session, describing the interaction of commutative algebra with other areas of mathematics for a broad audience of graduate students and researchers. This book is based on those lectures, together with papers from contributing researchers. David Benson and Srikanth Iyengar present an introduction to the uses and concepts of commutative algebra in the cohomology of groups. Mark Haiman considers the commutative algebra of n points in the plane. Ezra Miller presents an introduction to the Hilbert scheme of points to complement Professor Haiman's paper. Further contributors include David Eisenbud and Jessica Sidman; Melvin Hochster; Graham Leuschke; Rob Lazarsfeld and Manuel Blickle; Bernard Teissier; and Ana Bravo. 410 0$aMathematical Sciences Research Institute Publications. ;$v51. 606 $aCommutative algebra 615 0$aCommutative algebra. 676 $a512/.44 702 $aAvramov$b L. L$g(Luchezar L.),$f1948- 801 0$bUkCbUP 801 1$bUkCbUP 906 $aBOOK 912 $a9910457875503321 996 $aTrends in commutative algebra$91424434 997 $aUNINA LEADER 04247nam 2200565 450 001 9910806957003321 005 20230126214044.0 010 $a1-60893-510-8 035 $a(CKB)3710000000615890 035 $a(EBL)4452509 035 $a(OCoLC)945195127 035 $a(MiAaPQ)EBC4452509 035 $a(EXLCZ)993710000000615890 100 $a20160415h20162016 uy 0 101 0 $aeng 135 $aur|n|---||||| 181 $2rdacontent 182 $2rdamedia 183 $2rdacarrier 200 10$aDancing in paradise, burning in hell $ewomen in Maine's historic working class dance industry /$fTrudy Irene Scee 210 1$aCamden, Maine :$cDown East Books,$d2016. 210 4$dİ2016 215 $a1 online resource (281 p.) 300 $aDescription based upon print version of record. 311 $a1-60893-509-4 320 $aIncludes bibliographical references and index. 327 $aContents; Acknowledgments; Introduction. Dancers for Money: America Meets the New Dancing Women of the 1800s, Recoils in Shock, and Yet Whispers "Come a Little Bit Closer"; The Hurdy Gurdy Girls, Burlesque Women, Little Egypts, and Taxi-Dancers of the 1800s-1940s; Chapter One. The Road to Perdition: The Early Barroom Dancers, the Hurdy Gurdy Girls, the Circus and Fair Come to Town, Native Americans Perform, and the Dance Hall or Whorehouse Riot of 1849 327 $aChapter Two. Scandal on the Stage and the Search for Much More: Early Vaudeville Comes to Maine, the Midways Beckon, the "Wiggle Dance" Shocks, and Other Vice Concerns of the Early 1900sChapter Three. Oh, for the Satin Slippers and the Gold and the Silver Purses: Scandal in the Dance Halls, Taxi-Dancers, Lucy Nicolar Retires as Molly Spotted Elk Dances Out, and the Early Dance Contests of the 1920s; Chapter Four. And the Victrola Played On: The Early Marathons in Maine and the Start of the Large Dance Endurance Contests, 1923-1933 327 $aChapter Five. Dancing in Paradise, Burning in Hell: The Paradise Dance Pavilion Fire of 1933 and the End of the Endurance Dance EraChapter Six. The Dance Didn't Go On, and They Really Weren't Strippers: The Shipyard Workers' Riot of 1943, Another Dance Hall Fire, and the New Vaudeville, Burlesque, and Movie Dancers in Maine; Chapter Seven. Bring Back the Hootchie-Cootchie: America and Maine Greet the New Eastern Dancers of the 1950s and 1960s, Exotic and Erotic Dancers Spread through the State, and a Little "Supper Club" Showcases Female Dancers in the North 327 $aChapter Eight. "Little Egypt" Grows Up and Becomes the Queen of the Coast: The Emergence of Modern Ethnic and Belly Dancing in Maine in the 1960s and BeyondChapter Nine. Conclusion: The Same Old Moves with New Respectability, at Least in the Eyes of Many: Maine's Transformed Belly Dancers, Taxi-Dancers, and Burlesque Performers of the Late 1900s and Early 2000s; Notes; Selected Bibliography; Index 330 $aHistorian Trudy Irene Scee explores the dance industries of Maine, how they were effected by national events, and how events in Maine effected national trends. She explores the difficulties women faced in the early 20th century and how they turned to new forms of entertainment to make money and pay for food and shelter. The focus of the book centers on the 1910s through the 1970s, but extends back into the 1800s, largely exploring the dance halls of the nineteenth century (be they saloons with hurdy-gurdy girls and the like, or dance halls with women performing the early forms of taxi- and bel 606 $aDance$zUnited States$xHistory 606 $aDancers$zUnited States$xHistory$y19th century 606 $aWomen dancers$zMaine$xHistory$y19th century 606 $aWomen dancers$zUnited States$xSocial conditions 606 $aSex in dance 615 0$aDance$xHistory. 615 0$aDancers$xHistory 615 0$aWomen dancers$xHistory 615 0$aWomen dancers$xSocial conditions. 615 0$aSex in dance. 676 $a792.80973 700 $aScee$b Trudy Irene$01684911 801 0$bMiAaPQ 801 1$bMiAaPQ 801 2$bMiAaPQ 906 $aBOOK 912 $a9910806957003321 996 $aDancing in paradise, burning in hell$94105617 997 $aUNINA